| 000 | 00422nam a22001457a 4500 | ||
|---|---|---|---|
| 008 | 230918b |||||||| |||| 00| 0 eng d | ||
| 020 | _a978-1249589020 | ||
| 050 |
_aLB3011 _b.F33 2009 |
||
| 100 | _aFarrington, David P. | ||
| 245 |
_aSchool-Based programs to reduce bullying and victimization _cDvid P. Garrington & Maria M. Ttofi |
||
| 260 | _c2009 | ||
| 300 | _a143p. | ||
| 700 | _aTtofi, Maria M. | ||
| 942 |
_2lcc _cBK |
||
| 999 |
_c20294 _d20293 |
||